000 00823nam a2200241 i 4500
001 67157
003 ES-MaACL
005 20250929142930.0
007 t|
008 040507s2001 sp ||||0| spa d
040 _aM-BN
_bspa
_cM-BN
080 _a929 Bayo, Ciro
100 1 _aFradejas Lebrero, José.
_952057
245 1 0 _aDon Ciro Bayo y Segurola /
_cpor José Fradejas Lebrero.
260 _aMadrid :
_bAyuntamiento :
_bInstituto de Estudios Madrileños,
_c2001.
300 _a44 p. ;
_c21 cm.
490 1 _aCiclo de conferencias: Madrileños del siglo XX ;
_v6
600 1 4 _aBayo, Ciro,
_d1859-1939
_926688
710 2 _aInstituto de Estudios Madrileños
_94916
830 0 _aCiclo de conferencias: Madrileños del siglo XX ;
_v6
_9183127
852 _aES-MaACL
_j2174-F-18
_bR.133060
999 _c67157
_d67157